Normal view
MARC view
Entry Corporate Name
001 - CONTROL NUMBER
- control field: 25958
003 - CONTROL NUMBER IDENTIFIER
- control field:
005 - DATE AND TIME OF LATEST TRANSACTION
- control field: 20250929124556.0
008 - FIXED-LENGTH DATA ELEMENTS
- fixed length control field: 250929|| aca||aabn | a|a d
040 ## - CATALOGING SOURCE
- Original cataloging agency:
- Transcribing agency:
110 ## - HEADING--CORPORATE NAME
- Corporate name or jurisdiction name as entry element: Ecumenical Symposium of Eastern Africa Theologians (ESEAT)
670 ## - SOURCE DATA FOUND
- Source citation: Work cat.: ()11732: Ecumenical Symposium of Eastern Africa Theologians (ESEAT), Challenges and prospects for the church in Africa:, 2005